000 00303nam a22001457a 4500
008 210302b ||||| |||| 00| 0 eng d
020 _a9781259995538
041 _aeng
080 _a91
082 _a91
100 _a42
101 _aGJEO
245 _aCommon Places
_cHoeffner, L
942 _2udc
_cBK
999 _c55429
_d55429